| 000 | 01124cam a2200373 a 4500 | ||
|---|---|---|---|
| 001 | 15607899 | ||
| 003 | ARRUPE | ||
| 005 | 20150528105941.0 | ||
| 008 | 090202s2007 enk 000 0 eng | ||
| 010 | _a 2009293139 | ||
| 015 |
_aGBA725944 _2bnb |
||
| 016 | 7 |
_a013708881 _2Uk |
|
| 020 | _a9780340951262 (hbk.) | ||
| 020 | _a0340951265 (hbk.) | ||
| 020 | _a9780340951583 (pbk.) | ||
| 020 | _a0340951583 (pbk.) | ||
| 020 | _a9781844565856 | ||
| 020 | _a1844565858 | ||
| 035 | _a(OCoLC)ocn123113633 | ||
| 040 |
_aUKM _cUKM _dBTCTA _dYDXCP _dTXA _dSLU _dNDD _dBWK _dBAKER _dVP@ _dCDX _dDLC |
||
| 042 |
_aukblcatcopy _alccopycat |
||
| 050 | 0 | 0 |
_aBL2747.2 _b.H85 2008 |
| 082 | 0 | 0 |
_a212/.1 _222 |
| 100 | 1 |
_aHumphrys, John. _917677 |
|
| 245 | 1 | 0 |
_aIn God we doubt / _cJohn Humphrys. |
| 260 |
_aLondon : _bHodder & Stoughton, _c2008 |
||
| 300 |
_a322 p. ; _c25 cm. |
||
| 600 | 1 | 0 |
_aHumphrys, John _xReligion. _917678 |
| 650 | 0 |
_aFaith. _917679 |
|
| 650 | 0 |
_aAgnosticism. _94693 |
|
| 906 |
_a7 _bcbc _ccopycat _d2 _encip _f20 _gy-gencatlg |
||
| 942 |
_2lcc _cMONOGRAPH |
||
| 999 |
_c122803 _d122803 |
||